000 00376nam a2200133Ia 4500
008 230524s9999 xx 000 0 und d
020 _a9.78818E+12
100 _aSumrit Shahi
_936647
245 0 _aJust Friends: Can a Girl and Boy just be Friends
260 _bMahaveer Publishers
500 _aQuantity Number: 1
650 _aPersonality Development
_936648
942 _cBK
999 _c50682
_d50682